| 000 | 00778nam a2200205 4500 | ||
|---|---|---|---|
| 001 | 79588 | ||
| 003 | BD-RjUL | ||
| 005 | 20220321162937.0 | ||
| 008 | 220321s1930 |||||||| |||| 00| 0 ara d | ||
| 035 | _a(BD-RjUL)79588 | ||
| 040 |
_aBD-RjUL _beng _cBD-RjUL |
||
| 041 | _aeng | ||
| 082 |
_223 _a961 _bMAB 1930 |
||
| 100 |
_a المراكشي, ابن عذاري ;; Marrakchi, Ibn Adhari _91948 |
||
| 245 |
_aالبيان المُغْرِب في اختصار أخبار ملوك الأندلس والمغرب ;; albayan almughrib fi akhtisar 'akhbar muluk al'andalus walmaghrib / _cibn adhari almarakishii;;; ابن عذاري المراكشي |
||
| 264 |
_aparis : _blibrairie orientaliste , _c1930 |
||
| 300 |
_a318 p. ; _c23 cm |
||
| 651 |
_a Morocco _91949 |
||
| 942 |
_2ddc _cBK |
||
| 999 |
_c79588 _d79588 |
||